Comparison of Selected Legal Form of Business in Slovakia and in Selected EU Country

Uložené v:
Podrobná bibliografia
Hlavný autor: Meheš, Marek
Médium: Kapitola
Jazyk:English
Predmet:
Tagy: Pridať tag
Žiadne tagy, Buďte prvý, kto otaguje tento záznam!

MARC

LEADER 00000nla a2200000 4500
001 0240623
005 20240502073920.6
041 0 |a eng 
044 |a SK 
245 1 0 |a Comparison of Selected Legal Form of Business in Slovakia and in Selected EU Country  |c Marek Meheš 
500 |a Abstrakt 
610 2 0 |a podnikanie 
610 2 0 |a porovnanie medzinárodné 
610 2 0 |a formy podnikov 
100 1 |a Meheš, Marek